[Event "Baden Wuerttemberg-chT U14"]
[Site "Burg Ortenberg"]
[Date "2018.06.24"]
[Round "5.3"]
[White "Bejic, Agon"]
[Black "Stillbauer, Jan"]
[Result "0-1"]
[WhiteElo "1052"]
[BlackElo "1520"]
[PlyCount "96"]
[EventDate "2018.06.23"]
[EventType "team-tourn"]
[EventRounds "5"]
[EventCountry "GER"]
[SourceTitle "EXT 2019"]
[Source "ChessBase"]
[SourceDate "2018.10.10"]
[SourceVersion "1"]
[SourceVersionDate "2018.10.10"]
[SourceQuality "1"]
[WhiteTeam "Murrhardt U14"]
[BlackTeam "Lindenhof U14"]
[WhiteTeamCountry "GER"]
[BlackTeamCountry "GER"]

1. d4 d5 2. Nf3 Nf6 3. Bf4 e6 4. e3 Nbd7 5. c4 c6 6. Nc3 Qa5 7. Qd2 Bb4 8. c5 Ne4 9. Qc2 Nxc3 10. a3 Ne4+ 11. Kd1 b6 12. Rb1 Bxa3 13. bxa3 Nc3+ 14. Kc1 Nxb1 15. Qxb1 Qxa3+ 16. Qb2 Qxb2+ 17. Kxb2 a5 18. Be2 0-0 19. Rb1 a4 20. Ka3 bxc5 21. Bd6 Rd8 22. Bxc5 Nxc5 23. dxc5 Ba6 24. Bxa6 Rxa6 25. Nd4 Kf8 26. f4 Ke8 27. Rb4 Rda8 28. Rb6 Rxb6 29. cxb6 Kd7 30. g4 Rb8 31. Kxa4 Rxb6 32. f5 Rb2 33. h4 Rg2 34. g5 Rg4 35. f6 gxf6 36. gxf6 e5 37. e4 Rxe4 38. Kb3 Rxd4 39. h5 c5 40. h6 Kc6 41. Kc3 Kb5 42. Kc2 Kb4 43. Kb2 Rd2+ 44. Kc1 Kc3 45. Kb1 Rc2 46. Ka1 Kb3 47. Kb1 Rc4 48. Ka1 Rc1# 0-1

[Event "Baden Wuerttemberg-chT U14"]
[Site "Burg Ortenberg"]
[Date "2018.06.23"]
[Round "1.2"]
[White "Bejic, Agon"]
[Black "Wang, Xinyuan1111"]
[Result "0-1"]
[WhiteElo "1052"]
[BlackElo "1748"]
[PlyCount "56"]
[EventDate "2018.06.23"]
[EventType "team-tourn"]
[EventRounds "5"]
[EventCountry "GER"]
[SourceTitle "EXT 2019"]
[Source "ChessBase"]
[SourceDate "2018.10.10"]
[SourceVersion "1"]
[SourceVersionDate "2018.10.10"]
[SourceQuality "1"]
[WhiteTeam "Murrhardt U14"]
[BlackTeam "Karlsruhe U14"]
[WhiteTeamCountry "GER"]
[BlackTeamCountry "GER"]

1. d4 Nf6 2. Nf3 e6 3. Bf4 b6 4. e3 Bb7 5. Nbd2 c5 6. c3 a6 7. b3 d5 8. Ne5 Nbd7 9. Ndf3 Ne4 10. Qc2 cxd4 11. cxd4 Bb4+ 12. Kd1 Rc8 13. Nc4 dxc4 14. bxc4 Ndc5 15. Rb1 Nc3+ 16. Kc1 Ba3+ 17. Kd2 Nxb1+ 18. Qxb1 Ne4+ 19. Ke1 b5 20. Bd3 f5 21. Bxe4 Bxe4 22. Qb3 Qa5+ 23. Kf1 Rxc4 24. Ke2 Bd5 25. Re1 Rc3 26. Qb1 Bc4+ 27. Kd2 Rc1+ 28. Qb4 Qxb4# 0-1